| 000 | 00438nam a2200181Ia 4500 | ||
|---|---|---|---|
| 001 | 13738 | ||
| 005 | 20260306164823.0 | ||
| 008 | 260306t1993||||xx |||||||||||||| ||spa|| | ||
| 041 | _aESP | ||
| 082 |
_a005.133C2 _bS83 |
||
| 100 |
_aStroustrup, Bjarne _eAUT |
||
| 245 | 0 | _aEl lenguaje de programación C++ | |
| 260 | _c1993 | ||
| 300 |
_axiii, 710 pƔginas : _c23 cm. |
||
| 650 | _aGEN | ||
| 654 | _aCCC | ||
| 942 |
_cLIB _dJUS _fJUS _2ddc _n |
||
| 999 |
_c13738 _d13738 |
||